| 000 | 01015nam a2200349 a 4500 | ||
|---|---|---|---|
| 001 | 10199 | ||
| 003 | CO-ViMGA | ||
| 008 | 141112s2004 ck r 000 u spa d | ||
| 020 | _a8481851590 | ||
| 040 |
_aCO-ViMGA _bspa _cCO-ViMGA |
||
| 082 | 0 | 4 | _a725.2 A816c |
| 100 | 1 |
_aAsencio Cerver, Francisco _93403 |
|
| 245 | 1 | 0 | _aComercios Especializados |
| 260 |
_aBarcelona : _bAtrium Internacional, _c1998 |
||
| 300 | _a119p. : il. color | ||
| 490 | _aEnciclopedia atrium para profesionales | ||
| 650 | 1 | 4 |
_aADDICIONAL _913231 |
| 650 | 1 | 4 |
_aALFREDO CARAL _913232 |
| 650 | 1 | 4 |
_aCARITA _913233 |
| 650 | 1 | 4 |
_aCARTIER _913234 |
| 650 | 1 | 4 |
_aCELLINI _913235 |
| 650 | 1 | 4 |
_aCENTRO DE ARTESANIA DE LORCA _913236 |
| 650 | 1 | 4 |
_aCRABTREE y EVELYN _913237 |
| 650 | 1 | 4 |
_aETRO _913238 |
| 650 | 1 | 4 |
_aLA BOTTEGA DI SAN VALENTINO _913239 |
| 650 | 1 | 4 |
_aLANCOME _913240 |
| 650 | 1 | 4 |
_aMAC PHERSON _913241 |
| 650 | 1 | 4 |
_aONE STDUDIO OFF _913242 |
| 650 | 1 | 4 |
_aTHE WATCH GALLERY _913243 |
| 650 | 1 | 4 |
_aWUNDERL _913244 |
| 942 |
_2ddc _cBK |
||
| 999 |
_c21571 _d21571 |
||